[Event "Lansing (MI Op/5/29)"]
[Site "?"]
[Date "1996.??.??"]
[Round "?"]
[White "Laumer, H."]
[Black "Triplett, Thomas"]
[Result "1/2-1/2"]
[WhiteElo "1805"]
[BlackElo "1990"]
[PlyCount "39"]
[EventDate "1996.??.??"]

{5/(29)} 1. e4 c5 2. Nf3 d6 3. d4 cxd4 4. Nxd4 Nf6 5. Nc3 a6 6. Be2 e5 7. Nb3
Be7 8. O-O O-O 9. f4 exf4 10. Bxf4 Nc6 11. Bf3 Ne5 12. Nd5 Be6 13. Kh1 Rc8 14.
Nxe7+ Qxe7 15. Nd4 Rc7 16. Nxe6 Qxe6 17. b3 Rc3 18. Bd2 Rc6 19. c4 Rfc8 20. Bg5
{[Remainder illegible; 1/2-1/2, 52?]} 1/2-1/2

[Event "Lansing (MI Op/3/32)"]
[Site "?"]
[Date "1996.??.??"]
[Round "?"]
[White "Laumer, H."]
[Black "Grossman, Jay"]
[Result "1-0"]
[WhiteElo "1805"]
[BlackElo "1905"]
[PlyCount "53"]
[EventDate "1996.??.??"]

{3/(32)} 1. e4 c5 2. Nf3 Nc6 3. d4 cxd4 4. Nxd4 d6 5. c4 Nf6 6. Nc3 g6 7. Be2
Bg7 8. O-O O-O 9. Kh1 Bd7 10. f4 a6 11. Be3 Rc8 12. h3 b6 13. Qd2 Nxd4 14. Bxd4
Bc6 15. Bf3 Ba8 16. b3 Qc7 17. Rad1 Qb8 18. e5 dxe5 19. Bxe5 Qa7 20. f5 Rfd8
21. Qxd8+ Rxd8 22. Rxd8+ Bf8 23. Rxa8 Qd7 24. Rd1 Qe6 25. Bxf6 Qxf6 26. Ne4
Qxf5 27. Rdd8 {[Remainder illegible; 1-0, 32?]} 1-0

[Event "Lansing (MI Op/7/10)"]
[Site "?"]
[Date "1996.??.??"]
[Round "?"]
[White "LaMar, Frank"]
[Black "Williams, Ken"]
[Result "1-0"]
[WhiteElo "2165"]
[BlackElo "1905"]
[PlyCount "120"]
[EventDate "1996.??.??"]

{7/(10)} 1. e4 c5 2. d4 cxd4 3. c3 dxc3 4. Nxc3 Nc6 5. Bc4 d6 6. Nf3 a6 7. O-O
Nf6 8. Bg5 e6 9. Qe2 Be7 10. Rfd1 Bd7 11. Bxf6 gxf6 12. Rac1 Qa5 13. a3 Qh5 14.
Qe3 Rg8 15. Ne2 b5 16. Ng3 Rxg3 17. hxg3 bxc4 18. Rxc4 Ne5 19. Rcc1 Nxf3+ 20.
gxf3 Rc8 21. Kg2 Rxc1 22. Rxc1 Qg5 23. f4 Qb5 24. b4 Bd8 25. Rh1 Bb6 26. Qd2
Bc6 27. f3 Ke7 28. Rxh7 Qc4 29. Rh1 Bb5 30. Rc1 Qb3 31. Rd1 Bc7 32. Qd4 Be2 33.
Rc1 Qxf3+ 34. Kh2 Bd8 35. Rc3 Qh5+ 36. Kg2 Bg4 37. Qa7+ Ke8 38. Qxa6 Qh3+ 39.
Kg1 Be2 40. Qc6+ Ke7 41. Qb7+ Kf8 42. e5 d5 43. Qa7 Qf1+ 44. Kh2 Bg4 45. Qe3
Bb6 46. Rc8+ Kg7 47. exf6+ Kh7 48. Qxb6 Qe2+ 49. Kg1 Qe1+ 50. Kg2 Qe4+ 51. Kg1
d4 52. Qc6 Qe1+ 53. Kh2 Qe2+ 54. Qg2 Qb5 55. Rc5 Qa4 56. Qe4+ Bf5 57. Rxf5 exf5
58. Qxf5+ Kg8 59. Qc8+ Kh7 60. Qg4 Kh6 1-0

[Event "Lansing (MI Op/5/16)"]
[Site "?"]
[Date "1996.??.??"]
[Round "?"]
[White "LaMar, Frank"]
[Black "Vandivier, Don"]
[Result "1-0"]
[WhiteElo "2165"]
[BlackElo "1925"]
[PlyCount "83"]
[EventDate "1996.??.??"]

{5/(16)} 1. e4 c5 2. d4 cxd4 3. c3 dxc3 4. Nxc3 Nc6 5. Bc4 a6 6. Nf3 e6 7. O-O
Qc7 8. Qe2 Be7 9. Rd1 d6 10. Bf4 Nf6 11. Rac1 e5 12. Be3 Be6 13. Nd5 Bxd5 14.
exd5 O-O 15. dxc6 bxc6 16. Bxa6 d5 17. Bb5 c5 18. Bxc5 Bxc5 19. b4 Bxf2+ 20.
Qxf2 Qb8 21. a4 e4 22. Nd4 Qd6 23. Nc6 Rac8 24. Qc5 Rxc6 25. Bxc6 Qf4 26. Qf2
Qb8 27. b5 Ng4 28. Qg3 Qa7+ 29. Kf1 Ne3+ 30. Ke2 Nxd1 31. Rxd1 Qxa4 32. Rxd5
Qc4+ 33. Ke1 f5 34. Rd7 Qc1+ 35. Rd1 Qc5 36. Rd7 Qc1+ 37. Ke2 Qb2+ 38. Rd2 Qb4
39. Qd6 Qc4+ 40. Ke1 Qc1+ 41. Rd1 Qe3+ 42. Kf1 1-0

[Event "Lansing (MI Op/1a/20)"]
[Site "?"]
[Date "1996.??.??"]
[Round "?"]
[White "LaMar, Frank"]
[Black "Smith, Walt"]
[Result "0-1"]
[WhiteElo "2165"]
[BlackElo "2065"]
[PlyCount "120"]
[EventDate "1996.??.??"]

1. d4 c5 2. dxc5 Na6 3. e4 Nxc5 4. Nc3 Nf6 5. e5 Nfe4 6. Nxe4 Nxe4 7. Bd3 d5 8.
exd6 Nxd6 9. Nf3 g6 10. O-O Bg7 11. c3 O-O 12. Qc2 Bg4 13. Ng5 Qc7 14. Bf4 e5
15. Bg3 Rad8 16. f3 Bf5 17. Bxf5 Nxf5 18. Bf2 Bh6 19. Ne4 Ne3 20. Bxe3 Bxe3+
21. Kh1 f5 22. Ng3 Rd2 23. Qb3+ Qf7 24. Qb5 a6 25. Qb4 Rfd8 26. Rfb1 Bh6 27.
Nf1 R2d3 28. Qh4 Bf8 29. Re1 Be7 30. Qf2 Qd5 31. Qe2 Bh4 32. Ne3 Qd7 33. g3 Bf6
34. Rad1 Rd2 35. Qc4+ Kg7 36. Rxd2 Qxd2 37. Re2 Qd7 38. Kg2 b5 39. Qb3 Bg5 40.
Nf1 Qd6 41. h4 Bf6 42. c4 Qe6 43. Nd2 Qc6 44. cxb5 axb5 45. Nf1 Rd4 46. Ne3 e4
47. f4 Rd3 48. Qc2 Qxc2 49. Nxc2 Be7 50. Ne3 Bc5 51. Nf1 Rf3 52. Nd2 Rd3 53. b3
Bb4 54. Nf1 Bc3 55. Rc2 b4 56. Re2 Kf7 57. Ne3 Ke6 58. Nc4 h5 59. Ne3 Bd4 60.
Nc2 Bc5 0-1

[Event "Lansing (MI Op/3/14)"]
[Site "?"]
[Date "1996.??.??"]
[Round "?"]
[White "LaMar, Frank"]
[Black "Gipson, John"]
[Result "1-0"]
[WhiteElo "2165"]
[BlackElo "1975"]
[PlyCount "49"]
[EventDate "1996.??.??"]

{3/(14)} 1. e4 e6 2. d4 d5 3. exd5 exd5 4. Nc3 Nf6 5. Nf3 Bg4 6. Be2 Bd6 7. h3
Be6 8. O-O O-O 9. Bd3 c6 10. Re1 Nbd7 11. Bg5 Qc7 12. Qd2 Rfe8 13. Ne2 h6 14.
Bf4 g5 15. Bxg5 hxg5 16. Qxg5+ Kf8 17. Ng3 Bxg3 18. fxg3 Ke7 19. Ne5 Qb6 20.
Nxd7 Qxd4+ 21. Kh2 Kxd7 22. Bf5 Ng4+ 23. Qxg4 Qxb2 24. Rab1 Qxc2 25. Rxe6 1-0

[Event "Flint (MI Senior/1/4)"]
[Site "?"]
[Date "1996.??.??"]
[Round "?"]
[White "LaForge, Tom"]
[Black "Griffin, John"]
[Result "1-0"]
[WhiteElo "1965"]
[BlackElo "1605"]
[PlyCount "63"]
[EventDate "1996.??.??"]

{1/(4)} 1. e4 c5 2. Nf3 Nc6 3. d4 cxd4 4. Nxd4 Nf6 5. Nc3 e5 6. Ndb5 d6 7. Bg5
a6 8. Na3 b5 9. Bxf6 gxf6 10. Nd5 Be7 11. Qd3 Be6 12. O-O-O Rb8 13. Kb1 Qd7 14.
g3 f5 15. f3 fxe4 16. fxe4 Nd4 17. c3 Nc6 18. Nc2 Bg4 19. Be2 O-O 20. Bxg4 Qxg4
21. Nce3 Qg6 22. Nf5 Rb7 23. Rhf1 Rd8 24. Nfxe7+ Nxe7 25. Rf6 Qg7 26. Nxe7+
Rxe7 27. Rxd6 Rxd6 28. Qxd6 Re6 29. Qb8+ Qf8 30. Rd8 Re8 31. Rxe8 Qxe8 32.
Qxe8+ 1-0

[Event "Flint (MI Senior/3/2)"]
[Site "?"]
[Date "1996.??.??"]
[Round "?"]
[White "LaForge, Tom"]
[Black "Finegold, Ron"]
[Result "1/2-1/2"]
[WhiteElo "1965"]
[BlackElo "2180"]
[PlyCount "152"]
[EventDate "1996.??.??"]

{3/(2)} 1. e4 e6 2. d4 d5 3. Nd2 dxe4 4. Nxe4 Bd7 5. Nf3 Bc6 6. Bd3 Nf6 7. Qe2
Nbd7 8. O-O Be7 9. Ng3 h5 10. Re1 h4 11. Ne4 h3 12. g3 Nxe4 13. Bxe4 Bxe4 14.
Qxe4 c6 15. c3 Nf6 16. Qe5 Rh5 17. Bg5 Nd7 18. Qxg7 Bxg5 19. Rxe6+ fxe6 20.
Qg6+ Ke7 21. Nxg5 Rxg5 22. Qxg5+ Nf6 23. Qg7+ Kd6 24. Re1 Qe7 25. Qh6 Rf8 26.
Qxh3 Rf7 27. f4 Rh7 28. Qf1 Rh5 29. Re5 Qf7 30. f5 Rxf5 31. Rxf5 exf5 32. Qxf5
b6 33. b3 Qe7 34. Qf4+ Kd7 35. Qf5+ Kd8 36. c4 Qe3+ 37. Qf2 Qg5 38. Kg2 Ke7 39.
Qf3 Qd2+ 40. Qf2 Qd1 41. h3 Ne4 42. Qe3 Qd2+ 43. Qxd2 Nxd2 44. Kf2 b5 45. Ke3
Nf1+ 46. Kf2 Nd2 47. cxb5 cxb5 48. Ke3 Nf1+ 49. Kf2 Nd2 50. Ke2 Ne4 51. Kf3 Nc3
52. a4 bxa4 53. bxa4 Nxa4 54. Ke4 Nb6 55. h4 a5 56. g4 a4 57. Kd3 Nd5 58. g5
Ke6 59. Kc2 Ne3+ 60. Kb2 Nc4+ 61. Ka2 Kf5 62. d5 Kg6 63. Ka1 Kh5 64. Ka2 Kg6
65. Ka1 Nd6 66. Kb2 Nb5 67. Kc1 Kf5 68. Kb2 Kg6 69. Ka1 Nd6 70. Kb2 Nc4+ 71.
Ka2 Kf5 72. d6 Nxd6 73. Ka3 Ne4 74. Kxa4 Nxg5 75. Kb5 Kg4 76. h5 Kxh5 1/2-1/2

[Event "Lansing (MI Op/3/24)"]
[Site "?"]
[Date "1996.??.??"]
[Round "?"]
[White "LaFata, Sam"]
[Black "Williams, Ken"]
[Result "1-0"]
[WhiteElo "1995"]
[BlackElo "1905"]
[PlyCount "63"]
[EventDate "1996.??.??"]

{3/(24)} 1. d4 Nf6 2. Nf3 g6 3. Bg5 Bg7 4. Nbd2 d5 5. e3 O-O 6. Bd3 Nbd7 7. h3
c6 8. Bf4 Re8 9. Bh2 Nf8 10. O-O N6d7 11. c4 Nf6 12. Ne5 Ne6 13. Rc1 Bd7 14. a3
Rf8 15. b4 Ne8 16. Qb3 N8c7 17. Nxd7 Qxd7 18. Nf3 f6 19. Ra1 b5 20. cxb5 cxb5
21. Rfc1 Kh8 22. a4 a6 23. axb5 axb5 24. Ra5 Rxa5 25. bxa5 Ra8 26. Ra1 Bh6 27.
Nd2 Nxd4 28. exd4 Bxd2 29. Qc2 Bxa5 30. Bxc7 Rc8 31. Rxa5 Rxc7 32. Qb2 1-0

[Event "Cadillac Open/1a/6"]
[Site "?"]
[Date "1996.??.??"]
[Round "?"]
[White "LaFata, Sam"]
[Black "Williams, Claude"]
[Result "1-0"]
[WhiteElo "1995"]
[BlackElo "1605"]
[PlyCount "59"]
[EventDate "1996.??.??"]

1. d4 f5 2. Nf3 Nf6 3. Bf4 g6 4. e3 Bg7 5. Nbd2 O-O 6. Bc4+ e6 7. Qe2 d6 8. h3
Nc6 9. O-O-O h6 10. Rdg1 g5 11. Nxg5 hxg5 12. Bxg5 d5 13. Bd3 Qe8 14. g4 Nb4
15. Kb1 Qa4 16. a3 Nxd3 17. cxd3 Bd7 18. gxf5 Kf7 19. Nf3 Ke8 20. fxe6 Bxe6 21.
Ne5 Rd8 22. h4 Rd6 23. Rc1 Kd8 24. Rc3 Kc8 25. Rhc1 Ne8 26. Be7 Rb6 27. Bxf8
Bxf8 28. Qc2 Qb5 29. Rxc7+ Kb8 30. Rc8+ 1-0

[Event "Cadillac Open/3/3"]
[Site "?"]
[Date "1996.??.??"]
[Round "?"]
[White "LaFata, Sam"]
[Black "Rajlich, Vasik"]
[Result "0-1"]
[WhiteElo "1995"]
[BlackElo "2220"]
[PlyCount "111"]
[EventDate "1996.??.??"]

{3/3} 1. d4 Nf6 2. Nf3 g6 3. Bg5 Bg7 4. Nbd2 d5 5. e3 O-O 6. Be2 c5 7. c3 b6 8.
O-O Bb7 9. b4 Nbd7 10. bxc5 bxc5 11. Qa4 Qc7 12. Bf4 Qc8 13. Rab1 Nh5 14. Bg5
f6 15. Bh4 g5 16. Ne1 gxh4 17. Bxh5 Ba6 18. Bf3 e6 19. c4 Nb6 20. Qd1 Nxc4 21.
Be2 cxd4 22. exd4 Nxd2 23. Qxd2 Bh6 24. Bxa6 Bxd2 25. Bxc8 Raxc8 26. Nf3 Rc2
27. Rfd1 Ba5 28. Nxh4 Rxa2 29. Nf3 Rc8 30. Rdc1 Rxc1+ 31. Rxc1 Bb6 32. g3 e5
33. Rd1 Kf7 34. h3 Ke6 35. g4 exd4 36. Rd3 Ra4 37. Kg2 Rc4 38. h4 Bc5 39. g5
Kf5 40. gxf6 Kxf6 41. Ng5 Rc3 42. Rd2 h6 43. Nf3 Rc4 44. Rd1 Kf5 45. Ne1 Kg4
46. Nd3 Bb6 47. h5 Ra4 48. f3+ Kg5 49. Kg3 Bc7+ 50. Kg2 Ra2+ 51. Nf2 Bf4 52.
Kf1 Be3 53. Nd3 Kxh5 54. Nb4 Rf2+ 55. Ke1 Rxf3 56. Nxd5 0-1

[Event "Lansing (MI Op/7/17)"]
[Site "?"]
[Date "1996.??.??"]
[Round "?"]
[White "LaFata, Sam"]
[Black "Hartwig, Thomas"]
[Result "1/2-1/2"]
[WhiteElo "1995"]
[BlackElo "1870"]
[PlyCount "144"]
[EventDate "1996.??.??"]

{7/(17)} 1. d4 d5 2. Nf3 Nf6 3. e3 c5 4. c3 e6 5. Nbd2 cxd4 6. exd4 Nc6 7. Bd3
Bd6 8. O-O O-O 9. Re1 Qc7 10. Nf1 e5 11. dxe5 Nxe5 12. Nxe5 Bxe5 13. h3 Rd8 14.
Be3 Qd6 15. Qe2 Bd7 16. Rad1 Bc6 17. Bb1 Re8 18. Qd2 Qc7 19. Bd4 Ne4 20. Bxe5
Qxe5 21. Qd4 Qxd4 22. Rxd4 Nc5 23. Ne3 Rad8 24. Red1 g6 25. Bc2 Re7 26. Bb3
Nxb3 27. axb3 Red7 28. Kf1 Kg7 29. Ke2 f6 30. Re1 Re7 31. Kd2 Re4 32. Nc2 Rde8
33. f3 Rxd4+ 34. Nxd4 Rxe1 35. Kxe1 Kf7 36. Ke2 Ke7 37. Ke3 Kd6 38. Nc2 Bd7 39.
Kd4 Bc6 40. Ne3 Ke6 41. f4 b6 42. g3 Bb7 43. Nc2 Kd6 44. Ne3 Ke6 45. h4 f5 46.
Nc2 Kd6 47. Nb4 Ke6 48. Nd3 Ba6 49. Nb4 Bb7 50. Ke3 Kd6 51. Nc2 Ba8 52. Kd4 Bb7
53. Ne1 Ba6 54. Nf3 Be2 55. Ng5 h6 56. Nf7+ Ke6 57. Ne5 Bh5 58. b4 a6 59. Nd3
Be2 60. Ne5 Bh5 61. Nc6 Kd6 62. Ne5 Ke6 63. Ke3 Kd6 64. Nd3 Bd1 65. Ne1 Ba4 66.
Nf3 Bd1 67. Nd4 Bh5 68. Kd3 Bg4 69. Nc2 Bd1 70. Ne3 Bg4 71. Nxg4 fxg4 72. Kd4
Ke6 1/2-1/2

[Event "Lansing (MI Op/1a/19)"]
[Site "?"]
[Date "1996.??.??"]
[Round "?"]
[White "LaFata, Sam"]
[Black "Brumley, Ron"]
[Result "1-0"]
[WhiteElo "1995"]
[BlackElo "1605"]
[PlyCount "39"]
[EventDate "1996.??.??"]

1. d4 Nf6 2. Nf3 e6 3. e3 b6 4. Bd3 Bb7 5. Nbd2 Be7 6. O-O O-O 7. e4 d6 8. Re1
Nbd7 9. e5 dxe5 10. dxe5 Nd5 11. Ne4 Nc5 12. Nxc5 Bxc5 13. Bxh7+ Kxh7 14. Ng5+
Kg8 15. Qh5 Re8 16. Qxf7+ Kh8 17. Qh5+ Kg8 18. Qh7+ Kf8 19. Qh8+ Ke7 20. Qxg7#
1-0

[Event "Kalamazoo (MI Am/4/17)"]
[Site "?"]
[Date "1996.??.??"]
[Round "?"]
[White "Kyser, Bob"]
[Black "Smith, Les L"]
[Result "0-1"]
[WhiteElo "1605"]
[BlackElo "1980"]
[PlyCount "76"]
[EventDate "1996.??.??"]

{4/(17)} 1. d4 Nf6 2. c4 g6 3. Nc3 Bg7 4. Bg5 O-O 5. Qd2 d6 6. Bh6 Nc6 7. Bxg7
Kxg7 8. Nf3 e5 9. dxe5 dxe5 10. Qxd8 Rxd8 11. Rd1 Be6 12. e4 Nb4 13. b3 Nc2+
14. Ke2 Nd4+ 15. Nxd4 exd4 16. Nb5 c5 17. Kd3 Ng4 18. Rd2 Rd7 19. h3 Ne5+ 20.
Kc2 a6 21. Na3 f5 22. f4 Nc6 23. e5 Nb4+ 24. Kb2 Rc8 25. Nc2 Nc6 26. Rd3 b5 27.
Rd2 bxc4 28. bxc4 Rb8+ 29. Kc1 Rdb7 30. Na3 Na5 31. Rc2 Rb4 32. Kd2 Ra4 33. Nb5
axb5 34. cxb5 Rxa2 35. Rxa2 Bxa2 36. Be2 Bd5 37. Rg1 c4 38. Ra1 Nb3+ 0-1

[Event "Detroit (Class DE/4/6)"]
[Site "?"]
[Date "1996.??.??"]
[Round "?"]
[White "Kyser, Bob"]
[Black "Raupp, Christine"]
[Result "0-1"]
[WhiteElo "1605"]
[BlackElo "1605"]
[PlyCount "71"]
[EventDate "1996.??.??"]

{4/(6)} 1. d4 e6 2. c4 f5 3. Nf3 Nf6 4. Nc3 Bb4 5. Bg5 b6 6. Qc2 Bb7 7. a3
Bxc3+ 8. Qxc3 O-O 9. Bxf6 Qxf6 10. O-O-O d6 11. Nd2 Nd7 12. f3 Rfd8 13. h3 c5
14. e3 d5 15. g4 cxd4 16. Qxd4 dxc4 17. Qxf6 Nxf6 18. Kb1 b5 19. g5 Bxf3 20.
Bg2 Bxg2 21. Rhg1 Be4+ 22. Nxe4 Nxe4 23. h4 c3 24. Rxd8+ Rxd8 25. bxc3 Nxc3+
26. Kc2 Ne2 27. Re1 Rc8+ 28. Kd3 Nc3 29. Rc1 a5 30. Rxc3 Rxc3+ 31. Kxc3 e5 32.
Kb3 f4 33. exf4 exf4 34. Kc3 b4+ 35. axb4 axb4+ 36. Kxb4 0-1

[Event "Lansing (MOR/3/40)"]
[Site "?"]
[Date "1996.??.??"]
[Round "?"]
[White "Kyser, Bob"]
[Black "Parker, Harvard"]
[Result "0-1"]
[WhiteElo "1605"]
[BlackElo "1605"]
[PlyCount "90"]
[EventDate "1996.??.??"]

{3/(40)} 1. d4 Nf6 2. c4 e6 3. Nc3 Bb4 4. Qc2 c5 5. Nf3 cxd4 6. Nxd4 b6 7. a3
Bxc3+ 8. Qxc3 O-O 9. Bg5 Bb7 10. f3 d6 11. Rd1 Ne4 12. Bxd8 Nxc3 13. bxc3 Rxd8
14. Nb5 Nd7 15. Rxd6 a6 16. Nd4 Rac8 17. e4 a5 18. Be2 Ba6 19. Nb5 Bxb5 20.
cxb5 Rxc3 21. a4 Rc1+ 22. Bd1 Kf8 23. Kd2 Ra1 24. Re1 Ra2+ 25. Bc2 Ke7 26. e5
Nc5 27. Rxd8 Kxd8 28. Kc1 Nxa4 29. Rd1+ Kc7 30. Bxa4 Rxa4 31. Rd2 Rb4 32. Rb2
Rf4 33. Rc2+ Kb7 34. Rc3 Rb4 35. g3 Rxb5 36. f4 Rc5 37. Kc2 Rxc3+ 38. Kxc3 b5
39. h4 g6 40. g4 Kc6 41. Kd4 a4 42. Kc3 a3 43. Kb3 b4 44. h5 gxh5 45. gxh5 Kd5
0-1

[Event "Howell (US Am N/1/29)"]
[Site "?"]
[Date "1996.??.??"]
[Round "?"]
[White "Kyser, Bob"]
[Black "Nicolli, Randy"]
[Result "0-1"]
[WhiteElo "1605"]
[BlackElo "1785"]
[PlyCount "112"]
[EventDate "1996.??.??"]

{1/(29)} 1. Nf3 d5 2. d4 f5 3. c4 e6 4. Nc3 Nf6 5. Bg5 Be7 6. e3 O-O 7. Rc1 c6
8. Bxf6 Bxf6 9. cxd5 exd5 10. Qc2 Qe7 11. Bd3 g6 12. Ne2 Nd7 13. h4 Bg7 14. h5
Nf6 15. hxg6 hxg6 16. Nf4 Qe8 17. Ne5 Ne4 18. Nfxg6 Rf6 19. Nf4 Rh6 20. Rxh6
Bxh6 21. Nfg6 Bg7 22. Ke2 Bxe5 23. Nxe5 Qh5+ 24. Nf3 Bd7 25. Qd1 Re8 26. Qh1
Qg4 27. Qh3 f4 28. Rh1 Qxh3 29. Rxh3 Bxh3 30. gxh3 fxe3 31. fxe3 Re7 32. Ke1
Rh7 33. Bxe4 dxe4 34. Ng5 Rh5 35. Nxe4 Rxh3 36. Ke2 Rh1 37. Nc3 Rh2+ 38. Kd3
Rxb2 39. e4 b5 40. d5 cxd5 41. exd5 Kf7 42. a4 a6 43. axb5 axb5 44. Nd1 Ra2 45.
Nc3 Ra3 46. Kd4 b4 47. Nb1 Rh3 48. Kc4 b3 49. d6 Ke6 50. Kc5 Kd7 51. Kb4 b2 52.
Nd2 Rd3 53. Nb1 Rd1 54. Kb3 Rxb1 55. Kc2 Ra1 56. Kxb2 Ra3 0-1

[Event "Howell (US Am N/3/31)"]
[Site "?"]
[Date "1996.??.??"]
[Round "?"]
[White "Kyser, Bob"]
[Black "Moore, Robert"]
[Result "0-1"]
[WhiteElo "1605"]
[BlackElo "1700"]
[PlyCount "160"]
[EventDate "1996.??.??"]

{3/(31)} 1. d4 g6 2. c4 d6 3. Nc3 Bg7 4. Nf3 Nd7 5. Bg5 Ngf6 6. Qd2 O-O 7. Bh6
e5 8. Bxg7 Kxg7 9. dxe5 Nxe5 10. Nxe5 dxe5 11. Qxd8 Rxd8 12. Rd1 Be6 13. Rxd8
Rxd8 14. b3 Bf5 15. f3 c6 16. e4 Be6 17. g4 Nd7 18. Na4 b6 19. h4 Nb8 20. Rh2
c5 21. Rd2 Rxd2 22. Kxd2 Nc6 23. Bd3 Nd4 24. Ke3 f5 25. exf5 gxf5 26. g5 Kg6
27. Nc3 Kh5 28. Nd5 Kxh4 29. Nf6 Kxg5 30. Nxh7+ Kg6 31. Nf8+ Kf6 32. Nh7+ Kg7
33. Ng5 Bd7 34. f4 e4 35. Bb1 Bc6 36. Nh3 Kh6 37. Ng5 Kh5 38. Nf7 Kh4 39. Ne5
Be8 40. b4 Kg3 41. bxc5 bxc5 42. Bxe4 fxe4 43. Kxe4 Nf3 44. Nd3 Nd2+ 45. Kd5
Bf7+ 46. Kxc5 Bxc4 47. Nb4 Kxf4 48. a4 Be2 49. Nc6 Ne4+ 50. Kb4 a6 51. a5 Nf6
52. Nb8 Ne4 53. Nc6 Ke3 54. Ne5 Kd4 55. Nc6+ Kd5 56. Ne7+ Kd6 57. Nf5+ Kc7 58.
Nd4 Bf1 59. Ne6+ Kd6 60. Nd4 Nf6 61. Nb3 Nd5+ 62. Ka3 Kc6 63. Nd4+ Kc5 64. Ne6+
Kb5 65. Nd8 Kxa5 66. Nc6+ Kb6 67. Nb8 a5 68. Nd7+ Kb5 69. Ne5 Nb6 70. Nf3 Nc4+
71. Ka2 Kb4 72. Nd4 Ne5 73. Nc2+ Kc3 74. Ne3 Bc4+ 75. Ka3 Nc6 76. Nd1+ Kd2 77.
Nb2 Bb5 78. Na4 Bxa4 79. Kxa4 Kc3 80. Kb5 Kb3 0-1

[Event "Detroit (Class DE/2/6)"]
[Site "?"]
[Date "1996.??.??"]
[Round "?"]
[White "Kyser, Bob"]
[Black "Koo, M."]
[Result "0-1"]
[WhiteElo "1605"]
[BlackElo "1605"]
[PlyCount "120"]
[EventDate "1996.??.??"]

{2/(6)} 1. d4 d5 2. Nf3 Nc6 3. c4 dxc4 4. Nc3 Nf6 5. e4 Bg4 6. Be3 Bxf3 7. Qxf3
e5 8. Bxc4 exd4 9. Rd1 Bc5 10. Nd5 dxe3 11. Nxe3 Bb4+ 12. Kf1 Bd2 13. Nd5 Bg5
14. Qg3 Nxd5 15. Rxd5 Qe7 16. Rxg5 O-O-O 17. Bd5 Nb4 18. Re5 Qf6 19. Ke2 Qa6+
20. Kf3 Qd3+ 21. Kf4 Nxd5+ 22. exd5 Qd4+ 23. Re4 Qf6+ 24. Ke3 Qb6+ 25. Kf3 Qf6+
26. Qf4 Qxf4+ 27. Kxf4 Rxd5 28. Rhe1 g5+ 29. Kf3 Rf5+ 30. Kg3 Rd5 31. f3 c5 32.
Re5 Rxe5 33. Rxe5 c4 34. Rxg5 Rd8 35. Rc5+ Kb8 36. Rxc4 b5 37. Rc2 Kb7 38. Re2
Kb6 39. b4 Rc8 40. a3 Rc3 41. Ra2 a5 42. bxa5+ Kxa5 43. h4 Ka4 44. Kf2 Rxa3 45.
Rd2 b4 46. Ke1 Rc3 47. Kd1 b3 48. Rb2 Ka3 49. Rxb3+ Kxb3 50. Ke2 Rc2+ 51. Kf1
Rc4 52. Kf2 Rxh4 53. Kg3 Rd4 54. f4 Kc4 55. Kg4 Rd2 56. g3 Rg2 57. Kf3 Rh2 58.
f5 Kd5 59. Kg4 Ke5 60. Kf3 Kxf5 0-1

[Event "Kalamazoo (MI Am/2/28)"]
[Site "?"]
[Date "1996.??.??"]
[Round "?"]
[White "Kyser, Bob"]
[Black "Harris, M."]
[Result "1-0"]
[WhiteElo "1605"]
[BlackElo "1605"]
[PlyCount "117"]
[EventDate "1996.??.??"]

{2/(28)} 1. d4 d5 2. c4 Nf6 3. Nc3 b6 4. Bg5 Bb7 5. Qb3 c5 6. Bxf6 exf6 7. Nf3
Be7 8. e3 O-O 9. Nxd5 Bd6 10. Be2 Na6 11. Rd1 Nb4 12. Nxb4 cxb4 13. c5 Be7 14.
Qxb4 Bd5 15. b3 Qd7 16. Bb5 Qb7 17. Be2 Qc6 18. Rc1 Rfb8 19. Qd2 bxc5 20. O-O
c4 21. Bxc4 Bxc4 22. Rxc4 Qb5 23. Rfc1 Ba3 24. R1c2 h6 25. h3 Qe8 26. Qc3 Kh7
27. d5 Qb5 28. Nd4 Qxd5 29. b4 a5 30. Qxa3 axb4 31. Qd3+ g6 32. e4 Qd6 33. Rc6
Qe5 34. R6c4 Ra3 35. Nb3 Rba8 36. Qd5 Qe7 37. Rc7 Qe8 38. Qxf7+ Qxf7 39. Rxf7+
Kg8 40. Rxf6 Rxa2 41. Rxa2 Rxa2 42. Rxg6+ Kh7 43. Rb6 Ra1+ 44. Kh2 h5 45. Nc5
Ra5 46. Nd3 Ra3 47. Nxb4 Ra4 48. f3 Kg7 49. Kg3 Kf7 50. Kh4 Ra5 51. Nd5 Ra8 52.
Nf4 Rh8 53. Nxh5 Rg8 54. g4 Ke7 55. g5 Rf8 56. f4 Kd7 57. g6 Kc7 58. Rf6 Kd7
59. Rxf8 1-0

[Event "Howell (US Am N/5/28)"]
[Site "?"]
[Date "1996.??.??"]
[Round "?"]
[White "Kyser, Bob"]
[Black "Hanna, Carl"]
[Result "1-0"]
[WhiteElo "1605"]
[BlackElo "1620"]
[PlyCount "75"]
[EventDate "1996.??.??"]

{5/(28)} 1. d4 d5 2. Nf3 c5 3. c4 Bf5 4. Nc3 Nf6 5. Bg5 e6 6. cxd5 cxd4 7. Nxd4
Qa5 8. Qa4+ Qxa4 9. Nxa4 Bb4+ 10. Nc3 Bxc3+ 11. bxc3 Nxd5 12. Nxf5 exf5 13. g3
Nxc3 14. Rc1 O-O 15. Rxc3 Na6 16. Bg2 Rac8 17. Rxc8 Rxc8 18. Bxb7 Rb8 19. Bd5
Nb4 20. Bb3 Re8 21. Be3 Ra8 22. O-O Nc6 23. Rd1 Ne5 24. h3 h6 25. Rd5 Nc6 26.
Rxf5 Nd8 27. Re5 Ne6 28. Bxe6 fxe6 29. Rxe6 Rc8 30. f4 Rc2 31. Bxa7 Rxa2 32.
Bd4 Rd2 33. Re4 Kf7 34. Kf2 Kg6 35. g4 Ra2 36. Re7 h5 37. Rxg7+ Kh6 38. g5# 1-0

[Event "Lansing (MI Op/2/25)"]
[Site "?"]
[Date "1996.??.??"]
[Round "?"]
[White "Kung, Fred"]
[Black "Skidmore, Mike"]
[Result "0-1"]
[WhiteElo "1875"]
[BlackElo "2020"]
[PlyCount "98"]
[EventDate "1996.??.??"]

{2/(25)} 1. e4 c6 2. d4 d5 3. Nc3 e6 4. Be3 Nd7 5. e5 g6 6. Bd3 c5 7. Nf3 cxd4
8. Bxd4 Ne7 9. Be3 Nc6 10. Bf4 a6 11. Bg3 Bg7 12. Qe2 O-O 13. O-O b5 14. a3 Bb7
15. Na2 Nb6 16. Rad1 Qc7 17. c3 Nc4 18. Bxc4 dxc4 19. Nb4 Nxb4 20. axb4 Bxf3
21. gxf3 Rad8 22. Qe4 Qe7 23. Qc6 Ra8 24. f4 Rfc8 25. Rd7 Qe8 26. Qd6 Bf8 27.
Qd4 Be7 28. Rd1 h5 29. f3 a5 30. Qb6 axb4 31. Qxb5 bxc3 32. bxc3 Ra2 33. Qb7
Bc5+ 34. Kh1 Ra7 35. Qxa7 Bxa7 36. Rxa7 Rd8 37. Rda1 Rd3 38. Bh4 Qc6 39. Rf1
Rxc3 40. Kg2 Rb3 41. Bf6 Rb2+ 42. Kg3 Rb8 43. Rd1 c3 44. Rd6 Qc8 45. f5 exf5
46. Bg5 Qc5 47. Bf4 g5 48. Bxg5 Qxe5+ 49. Bf4 h4+ 0-1

[Event "Flint (MI Senior/3/3)"]
[Site "?"]
[Date "1996.??.??"]
[Round "?"]
[White "Kung, Fred"]
[Black "Semerciyan, Mike"]
[Result "1-0"]
[WhiteElo "1865"]
[BlackElo "1910"]
[PlyCount "99"]
[EventDate "1996.??.??"]

{3/(3)} 1. e4 e5 2. Nf3 Nc6 3. Bb5 a6 4. Ba4 Be7 5. O-O d6 6. d4 b5 7. Bb3 Nxd4
8. Nxd4 exd4 9. Bd5 Rb8 10. Bc6+ Bd7 11. Bxd7+ Qxd7 12. Qxd4 Bf6 13. Qe3 Ne7
14. Nc3 O-O 15. Rb1 b4 16. Ne2 Qc6 17. Qd3 d5 18. Ng3 g6 19. Bf4 Rb5 20. e5 Bg7
21. Bg5 Re8 22. f4 Qe6 23. Rbd1 h6 24. Bxe7 Qxe7 25. Ne2 Qc5+ 26. Kh1 c6 27.
Nd4 Ra5 28. Nb3 Qb6 29. Nxa5 Qxa5 30. a3 bxa3 31. Qxa3 Qb6 32. Ra1 g5 33. g3
Re6 34. b3 Bf8 35. Qxa6 Qc5 36. Qd3 Qe7 37. c3 Qe8 38. b4 f6 39. Ra7 Bg7 40.
Rfa1 Qh5 41. Ra8+ Kf7 42. R1a7+ Re7 43. e6+ Kxe6 44. Qe3+ Kf5 45. Rxe7 Qd1+ 46.
Kg2 gxf4 47. Qxf4+ Kg6 48. Kh3 Qh5+ 49. Qh4 Qd1 50. Qg4+ 1-0

[Event "Flint (MI Senior/1/8)"]
[Site "?"]
[Date "1996.??.??"]
[Round "?"]
[White "Kung, Fred"]
[Black "Saylor, Oliver"]
[Result "1-0"]
[WhiteElo "1865"]
[BlackElo "1605"]
[PlyCount "115"]
[EventDate "1996.??.??"]

{1/(8)} 1. e4 e5 2. Nf3 Nc6 3. Bb5 a6 4. Ba4 Nf6 5. d4 b5 6. Bb3 d6 7. dxe5
dxe5 8. Qxd8+ Nxd8 9. Nxe5 Bd6 10. f4 Bxe5 11. fxe5 Nxe4 12. O-O O-O 13. Nd2
Bb7 14. Nxe4 Bxe4 15. Bd2 c5 16. Rfe1 Bb7 17. c3 c4 18. Bc2 Ne6 19. Be3 Rad8
20. Rad1 h6 21. Bb6 Rb8 22. Rd6 Rfc8 23. Red1 Nf4 24. g3 Nh3+ 25. Kf1 Ng5 26.
Bf5 Re8 27. Bc7 Ra8 28. Rd7 Bc6 29. R7d6 Be4 30. Bxe4 Nxe4 31. Rb6 Rec8 32. Rd7
Nc5 33. Re7 Ne6 34. Bd6 Rd8 35. Rbb7 Rf8 36. Red7 Rfe8 37. Rxf7 a5 38. Rfe7
Rxe7 39. Rxe7 Ng5 40. Rb7 b4 41. Rc7 b3 42. Rxc4 Nf3 43. Ke2 bxa2 44. Ra4 Nxh2
45. Rxa2 Ng4 46. Ra4 h5 47. b4 Rc8 48. bxa5 Rxc3 49. a6 Rc2+ 50. Kd3 Rc8 51. a7
Ra8 52. Kd4 g5 53. Kc5 Ne3 54. Kc6 h4 55. gxh4 gxh4 56. Kb7 h3 57. Kxa8 Ng2 58.
Kb8 1-0

[Event "Lansing (MI Op/4/25)"]
[Site "?"]
[Date "1996.??.??"]
[Round "?"]
[White "Kung, Fred"]
[Black "Mankiewicz, Ryan"]
[Result "0-1"]
[WhiteElo "1875"]
[BlackElo "2005"]
[PlyCount "52"]
[EventDate "1996.??.??"]

{4/(25)} 1. e4 d6 2. d4 Nf6 3. Nc3 g6 4. f4 Bg7 5. Nf3 c5 6. Bb5+ Bd7 7. e5 Ng4
8. e6 Bxb5 9. exf7+ Kd7 10. Ng5 h5 11. h3 cxd4 12. Nxb5 Qa5+ 13. Bd2 Qxb5 14.
hxg4 h4 15. Qe2 Qxe2+ 16. Kxe2 Na6 17. Rac1 e5 18. c3 exf4 19. Bxf4 Raf8 20.
Rcd1 Bf6 21. Ne4 Rxf7 22. Nxd6 Re7+ 23. Kf2 Rf8 24. Bh6 Bg7+ 25. Kg1 Bxh6 26.
Rd2 Be3+ 0-1